00829nam a22002417a 45000010005000000030006000050050017000110080041000280200018000690400029000870820010001161000022001262450069001482600044002173000049002614900022003105050009003325200126003415210029004675210020004966500032005166500039005488326FISKH20250909105821.0250909b cb ||||| |||| 00| 0 eng d a9781848797536 aFISKHbengcFISKHdFISKH a551.5 aPhillips , Sarah  aWeather : bDiscover the wonders of weather /cBy Sarah Phillips aUK : bMake believe Idea Ltd., c2011.  a30 pages : bcolor illustrations ;c18 cm .  amini Encyclopedia aH  aExplains what weather is, the climate, the seasons, forecasting weather, weather charts, and different types of weather. 8 a400 bLexile estimate 8 aH bRaz-Plus  aGlobal warmingvNon-fiction aThunder and lightningvNon-fiction